Federico ñi nutram: Federico feypi fillke dungu ñi kimel

Збережено в:
Бібліографічні деталі
Автор: Llamín Canulaf, Segundo (autor)
Формат: Книга
Мова:Мапудунґун
Іспанська
Опубліковано: Temuco Kume Dungu 1987
Редагування:1a. ed
Предмети:
Теги: Додати тег
Немає тегів, Будьте першим, хто поставить тег для цього запису!

MARC

LEADER 00000cam a2200000 a 4500
001 UCC3494
003 CL-VaPUC
008 180527e19870000cl |||||||||||||||||arn|d
041 0 7 |a arn  |2 CL-VaPUC 
041 0 7 |a spa  |2 CL-VaPUC 
082 0 4 |a Ch863  |b LLA  |2 21 
100 |a Llamín Canulaf, Segundo  |e autor  |9 597505 
245 1 0 |a Federico ñi nutram: Federico feypi fillke dungu ñi kimel 
246 1 4 |a Los relatos de Federico: Federico comenta sobre varios temas que conoce 
250 |a 1a. ed 
300 |a v 
942 |c BK 
945 |d 20180527 18:33:00  |a dcastane 
260 |a Temuco  |b Kume Dungu  |c 1987 
500 |a v.4: Federico comenta sobre varios temas que conoce 
650 0 |a Literatura chilena   |9 308278 
650 0 |a Tradición oral   |9 321175 
650 7 |a CUENTOS MAPUCHE  |2 CL-VaPUC  |9 308237 
583 |a last modification  |c 20180527 18:33:00  |k Rodrigo Vera 
999 |c 371192  |d 371190 
952 |0 0  |1 0  |3 erb  |4 0  |6 CH_863_000000000000000_LLA_1987  |7 0  |8 A  |9 488109  |a BIBEDU  |b BIBEDU  |h v.4  |i 5470641  |o Ch863 LLA 1987  |p 5470641  |r 2019-11-24  |w 2019-11-24  |y BK  |z Catalogado en:20180527  |k LIT